Central Library OPAC University of Rajshahi

বাংলাদেশের পুঁজিবাজার ও বিবিধ ভাবনা / (Record no. 80196)

MARC details
000 -LEADER
fixed length control field 00891nam a2200229 a 4500
001 - CONTROL NUMBER
control field 80196
003 - CONTROL NUMBER IDENTIFIER
rucl marc code BD-RjUL
005 - DATE AND TIME OF LATEST TRANSACTION
control field 20220811154609.0
008 - FIXED-LENGTH DATA ELEMENTS--GENERAL INFORMATION
fixed length control field 220811s2021 bg ||||| |||| 00| 0 eng d
020 ## - INTERNATIONAL STANDARD BOOK NUMBER
International Standard Book Number 9789845063487
035 ## - SYSTEM CONTROL NUMBER
System control number (BD-RjUL)80196
040 ## - CATALOGING SOURCE
Original cataloging agency BD-RjUL
Language of cataloging eng
Transcribing agency BD-RjUL
041 ## - LANGUAGE CODE
Language code of text/sound track or separate title eng
082 ## - DEWEY DECIMAL CLASSIFICATION NUMBER
Edition number 23
Classification number 332.0415
Author mark and year RAB 2021
100 ## - MAIN ENTRY--PERSONAL NAME
Personal name রহমান, মো. রকিবুর
9 (RLIN) 4364
245 ## - TITLE STATEMENT
Title বাংলাদেশের পুঁজিবাজার ও বিবিধ ভাবনা /
Statement of responsibility, etc. মো. রকিবুর রহমান
260 ## - PUBLICATION, DISTRIBUTION, ETC. (IMPRINT)
Place of publication, distribution, etc. ঢাকা :
Name of publisher, distributor, etc. ইউনিভার্সিটি প্রেস লিমিটেড,
Date of publication, distribution, etc. ২০২১
300 ## - PHYSICAL DESCRIPTION
Pagination ৬৬ পৃ.;
Size ২২ সেমি.
650 ## - SUBJECT ADDED ENTRY--TOPICAL TERM
Topical term or geographic name as entry element পুঁজিবাজার
Geographic subdivision বাংলাদেশ
9 (RLIN) 4365
Topical term or geographic name as entry element Capital market
Geographic subdivision Bangladesh
9 (RLIN) 2893
942 ## - ADDED ENTRY ELEMENTS (KOHA)
Source of classification or shelving scheme Dewey Decimal Classification
Koha item type Books
Holdings
Lost status Source of classification or shelving scheme Damaged status Not for loan Collection code Permanent Location Current Location Shelving location Date acquired Source of acquisition Cost, normal purchase price Full call number Date last seen Copy number Koha item type
  Dewey Decimal Classification   Not For Loan Non-fiction Central Library, University of Rajshahi Central Library, University of Rajshahi Reading Room 30/06/2022 Rajshahi : News Home 317.12 B 332.0415 RAB 2021 11/08/2022 C-1 Books
  Dewey Decimal Classification     Non-fiction Central Library, University of Rajshahi Central Library, University of Rajshahi General Stacks 30/06/2022 Rajshahi : News Home 317.12 B 332.0415 RAB 2021 11/08/2022 C-2 Books
  Dewey Decimal Classification     Non-fiction Central Library, University of Rajshahi Central Library, University of Rajshahi General Stacks 30/06/2022 Rajshahi : News Home 317.12 B 332.0415 RAB 2021 11/08/2022 C-3 Books